000 00398cam a2200157ua 4500
041 _aeng
_h
082 _a828.09
_bFLE/AR
100 _aFlesch, Rudolf .
245 _aArt of readable writing /
_cRudolf Flesch.
_hTextual Documents
250 _a1 /
_b.
260 _aNewyork :
_bHarper and brothers publishers ,
_c1949.
300 _a237 ; .
504 _a
942 _cBK
999 _c8614
_d8614